| 000 | 00346nam a2200121Ia 4500 | ||
|---|---|---|---|
| 008 | 190216s9999||||xx |||||||||||||| ||und|| | ||
| 100 | _aSanjay K Bose | ||
| 245 | 0 | _aDigital System From Gate To Microprocessors | |
| 260 |
_bNew Age International Publishers _c1996 |
||
| 300 | _a432p | ||
| 650 | _a"Computer Programming. Programs, Data" | ||
| 942 | _cBK | ||
| 999 |
_c8734 _d8734 |
||